Teoría, técnicas, procesos y casos en el planeamiento de la educación /

Esta obra dirigida a los educadores, ofrece orientación que les permita lograr la síntesis de la disciplina económica y educacional para el enfoque de los problemas de la enseñanza. Presenta ejemplos prácticos seleccionados de las realizadas en un país latinoamericano; se presentan integrados tanto...

Cijeli opis

Spremljeno u:
Bibliografski detalji
Glavni autor: Schiefelbein, Ernesto (autor)
Format: Knjiga
Jezik:španjolski
Izdano: Buenos Aires, Argentina : El Ateneo : Centro Regional de Ayuda Técnica, 1974, c1974
Serija:(Biblioteca Nuevas Orientaciones de la Educación. Problemática de la Educación)
Teme:
Oznake: Dodaj oznaku
Bez oznaka, Budi prvi tko označuje ovaj zapis!

MARC

LEADER 00000nam^a2200000^a^4500
001 000001343
005 20250521000000.0
009 20260310083104.429
037 |a Acervo ITESO - Biblioteca 
041 |a ESP 
082 |a 371. 207  |b SCH 
100 |a Schiefelbein, Ernesto  |e (autor) 
245 1 0 |a Teoría, técnicas, procesos y casos en el planeamiento de la educación /  |c E. Schiefelbein. 
264 4 |a Buenos Aires, Argentina :  |b El Ateneo :  |b Centro Regional de Ayuda Técnica,  |c 1974, c1974 
300 |a XIV, 793 p. 
336 |a texto  |b txt  |2 rdacontenido 
337 |a sin mediación  |b n  |2 rdamedio 
338 |a volumen  |b nc  |2 rdasoporte 
440 1 |a (Biblioteca Nuevas Orientaciones de la Educación.  |p Problemática de la Educación) 
520 |a Esta obra dirigida a los educadores, ofrece orientación que les permita lograr la síntesis de la disciplina económica y educacional para el enfoque de los problemas de la enseñanza. Presenta ejemplos prácticos seleccionados de las realizadas en un país latinoamericano; se presentan integrados tanto en la exposición de las técnicas de uso frecuente en el planeamiento de la educación como en la presentación del proceso de su realización. 
649 |a XX 
650 |a Cambio Organizacional 
650 |a Desarrollo Organizacional 
650 |a Planeación Educativa 
650 |a Planeación Administrativa 
650 |a Proceso Administrativo 
650 |a Administración Educativa 
650 |a Educación 
910 |a Fondo General 
920 |a Impresos - Libros 
930 |a Colección General 
905 |a 101 
901 |a 0013430100  |b IT1  |c ACC  |i 001343  |u 20250521 
902 |a https://opac.biblio.iteso.mx/vufind/Record/000001343